000 00805cam a2200205 4500
001 WB3705-35
008 000000n2001 000 0 eng u
035 _a(Sirsi) u110723
245 _aAll systems go for RICS Antiques and Fine Arts Faculty
260 _c2001
490 _aRICS Press Release
_v(pr011) 1 February 2001, (2)
520 _aUnder the chairmanship of Jonathan Meyer, the new Antiques and Fine Arts faculty of the RICS is now up and running. At the outset of January 2001, the seven traditional divisions of the RICS were replaced by sixteen specialist faculties. Meyer's faculty will service 1260 RICS members.
590 _aWB
650 _aABOUT RICS
650 _aFACULTIES
650 _aArts and antiques
_96217
650 _aFINE ARTS
690 _aRICS NEWS
942 _n0
999 _c65991
_d65991